Konstrukce střihů pánských oděvů : učební text pro SOU /
Uložené v:
| Hlavný autor: | |
|---|---|
| Ďalší autori: | , |
| Médium: | Kniha |
| Jazyk: | Czech Slovak |
| Vydané: |
Praha :
Státní nakladatelství technické literatury,
1987
|
| Vydanie: | 2., nezm. vyd. |
| ISBN: |
(viaz.) |
| Fyzický popis: |
137 s. : obr., tb. |
| Tagy: |
Pridať tag
Žiadne tagy, Buďte prvý kto otaguje tento záznam!
|
Titul je dostupný aj v ... 

MARC
| LEADER | 00000nam a2200000 4500 | ||
|---|---|---|---|
| 001 | 000388607 | ||
| 005 | 20120702184942.0 | ||
| 008 | 870527s1987 xr e cze d | ||
| 020 | |a (viaz.) |c Kčs 19,00 | ||
| 040 | |a SVKKK |b slo |c SVKKK |e AACR2 | ||
| 041 | 1 | |a cze |h slo | |
| 044 | |a xr |c CZ | ||
| 100 | 1 | |a Marko, František |4 aut | |
| 245 | 1 | 0 | |a Konstrukce střihů pánských oděvů : |b učební text pro SOU / |c František Marko ; ze slov. přel. Kamila Cyrusová, Jaroslava Kolešková ; graf. úprava Miroslava Kupková. |
| 250 | |a 2., nezm. vyd. | ||
| 260 | |a Praha : |b Státní nakladatelství technické literatury, |c 1987 |f (TZ 52) | ||
| 300 | |a 137 s. : |b obr., tb. | ||
| 366 | |e 2500 výt. | ||
| 500 | |a Preklad zo slov. orig. | ||
| 500 | |a Väzba Karel Míšek | ||
| 700 | 1 | |a Cyrusová, Kamila |4 trl | |
| 700 | 1 | |a Kolešková, Jaroslava |4 trl | |
| 700 | 1 | |a Kupková, Miroslava |4 bkd | |
| 910 | |a svkkk | ||
| 998 | |a BK | ||
| 090 | |g SCKHL |k Sklad Pribinova 3. posch. |a V.141936 |j 749940 |i 2720945352 |s Povinný výt. | ||